000 00448nam a22001697a 4500
999 _c190380
_d190380
005 20220722160206.0
010 _aENG-133866
020 _c750.00
035 _aEN-117398
037 _bDBAD/PUB
082 _a769.56954
245 _aPhilatelic Tribute to Sachin/
260 _aKolkata
_bPhilatelia
_c2014
270 _aOne Moti Sil Street
_bKolkata
_e700013
300 _a320p.
_c21cm(pbk)
942 _2ddc
_cEN
_h769.56954
_mPHI